Responses for Show #9008 - Wednesday, January 3, 2024

2023-2024 Second Chance competition week 3, semifinal game 2.

Contestants

[<< previous game]

Rachel Cohen, a consultant originally from Chevy Chase, Maryland

Randall Rayford, a solar project developer from Houston, Texas

Andrew Whatley, an academic administrator originally from Beauregard, Alabama

[next game >>]

Jeopardy! Round responses

(Ken: We start out with some clues presented by...)
JOHN GREEN
TV CONNECTIONS
WHERE'D YOU GO?
____ & ____ BUSINESS
BIG & LITTLE GEOGRAPHY
STARTS & ENDS WITH "T"
    $200 30
Emily Dickinson

Andrew
    $200 27
Law

Randall
    $200 28
the Crusades

Randall
    $200 29
Barnes & Noble

Randall
    $200 21
Little Rock

Andrew
    $200 19
a thermostat

Randall
    $400 26
(Randall: What is guilty?)

a monster

Randall
Triple Stumper
    $400 15
(Ken: What a show that would be.)

Night

Randall
    $400 24
Exodus

Rachel
    $400 13
A&W

Andrew
    $400 22
the Bering Strait

Rachel
    $400 20
a tidbit

Andrew
    $600 25
QWERTY

Rachel
    $600 5
Love

Rachel
    $600 16
the Great Migration

Randall
    $600 14
Procter & Gamble

Rachel
    $600 2
Big Sur

Andrew
    $600 9
a tracksuit

Randall
    $800 6
Walt Whitman

Randall
    $800 4
Black

Andrew
    $800 12
a sabbatical

Rachel
    $800 3
Dolce & Gabbana

Randall
    $800 1
Mont Blanc

Andrew
    $800 10
a tempest

Randall
    $1000 23
Wilde

Randall
    $1000 7
Dead

Rachel
    $1,600 8
junket

Rachel
    $1000 17
Van Cleef & Arpels

Triple Stumper
    $1000 18
the Everglades

Andrew
    $1000 11
televangelist

Randall

Scores at the first commercial break (after clue 15):

Andrew Randall Rachel
$2,600 $4,400 $4,600

Scores at the end of the Jeopardy! Round:

Andrew Randall Rachel
$4,400 $6,400 $6,000

Double Jeopardy! Round responses

HISTORY OF THE AMERICAS
11-LETTER WORDS
SCIENTISTS
PAINT, BY NUMBERS
MIL. ABBREV.
WILLIAM BLAKE IN POP CULTURE
    $400 25
the Inca

Randall
    $400 26
(Randall: What is the homestretch?)
...
(Ken: Yeah, the far side is [*].)

the backstretch

RandallRachel
    $400 28
(Andrew: What are blue whales?)

humpback whales

Andrew
Triple Stumper
    $400 27
Gauguin

Rachel
    $400 30
absent without leave

Andrew
    $400 29
U2

Randall
    $800 23
York

Randall
    $800 20
(Andrew: What is cousin?)

great nephew (grandnephew)

AndrewRandall
    $800 24
(Randall: Who was Muir?)

Darwin

RandallRachel
    $800 10
(Rachel: Who's Picasso?)

DalĂ­

RandallRachel
    $800 22
landing zone

Rachel
    $800 8
The Doors

Randall
    $1200 2
Roanoke

Andrew
    $1200 6
eligibility

Rachel
    $9,200 19
(Gregor) Mendel

Randall
    $1200 4
(Rachel: Who is Frida Kah--sorry, excuse me, [*]?)

Georgia O'Keeffe

Rachel
    $1200 3
executive officer

Randall
    $1200 9
Blade Runner

Andrew
    $3,600 1
(Andrew: What is Trinidad and Tobago?)

Guyana

Andrew
    $1600 14
(Andrew: What is imflammable?)
(Ken: [Chuckling] No.)
[Laughter]

combustible

Andrew
Triple Stumper
    $1600 5
hydrogen & helium

Andrew
    $1600 11
Magritte

Rachel
    $1600 7
(Randall: What is Officer...)

Officer Candidate School

RandallRachel
    $1600 17
the Watchmen

Randall
    $2000 13
(Rachel: Who is Pancho Villa?)

Miguel Hidalgo y Costilla

Rachel
Triple Stumper
    $2000 15
lacrimation

Rachel
    $2000 16
(Benjamin) Banneker

Andrew
    $2000 12
Chagall

Rachel
    $2000 18
(Rachel: What is mission of service?)

military occupational specialty

Rachel
Triple Stumper
    $2000 21
Thomas Harris

Andrew

Scores at the end of the Double Jeopardy! Round:

Andrew Randall Rachel
$6,400 $19,600 $13,200

[wagering suggestions for these scores]

Final Jeopardy! Round responses

FROM THE FRENCH
(Ken: [To Andrew] Yes, "dark film", the shadowy crime genre of the '40s and '50s.)
AndrewWhat is film noir?
$6,400
RachelWhat is [letter crossed out] voyeurism?
$399
RandallWhat is Film Noir?
$6,801
film noir

Final scores:

Andrew Randall Rachel
$12,800 $26,401 $12,801
3rd place: $2,000 Finalist 2nd place: $3,000

Game dynamics:

Coryat scores:

Andrew Randall Rachel
$10,000 $11,600 $12,600
14 R,
4 W
(including 1 DD)
21 R
(including 1 DD),
4 W
18 R
(including 1 DD),
3 W

Combined Coryat: $34,200

[game clues] [game scores] [suggest correction]

Game tape date: 2023-12-05
The J! Archive is created by fans, for fans. Scraping, republication, monetization, and malicious use prohibited; this site may use cookies and collect identifying information. See terms. The Jeopardy! game show and all elements thereof, including but not limited to copyright and trademark thereto, are the property of Jeopardy Productions, Inc. and are protected under law. This website is not affiliated with, sponsored by, or operated by Jeopardy Productions, Inc. Join the discussion at JBoard.tv.